Sports Quiz

Random Sports or Clickable Quiz

Sports Books: The Subtitles Quiz Stats

 Plays Quiz Updated Dec 5, 2016

Support Sporcle.
Go Orange.
Score 0/15 Timer 04:00
1 Play Today
% Correct
G Is for Gold Medal
90.8%
Dream Team
90.1%
Who's Your Caddy?
89.6%
Bottom of the 33rd
88.4%
Into Thin Air
87.2%
The Beckham Experiment
84.6%
How Soccer Explains the World
83%
Seabiscuit
81.7%
% Correct
Luckiest Man
80.4%
Friday Night Lights
78.8%
The Sports Gene
77.5%
Sports from Hell
75.9%
The Perfect Mile
72.8%
Born to Run
65.8%
The Boys in the Boat
54.3%

You're not logged in!

Compare scores with friends on all Sporcle quizzes.
OR
Log In

From the Vault

UK Prime Ministers Venn Diagram

by chaosBEE

Here's some PM content that will actually give you a break from Brexit.
Remove Ads.
Support Sporcle.
Get the best of Sporcle when you Go Orange. This ad-free experience offers more features, more stats, and more fun while also helping to support Sporcle. Thank you for becoming a member.

Show Comments

Extras

Top Quizzes Today


Score Distribution

Your Account Isn't Verified!

In order to create a playlist on Sporcle, you need to verify the email address you used during registration. Go to your Sporcle Settings to finish the process.

Report this User

Report this user for behavior that violates our Community Guidelines.

Details: